El cultivo de la mente: un ensayo histórico-crítico sobre la cultura psicológica

Tallennettuna:
Bibliografiset tiedot
Päätekijä: Blanco Trejo, Florentino (Tekijä)
Aineistotyyppi: Kirja
Kieli:espanja
Julkaistu: Madrid Visor 2002
Sarja:Aprendizaje
Aiheet:
Tagit: Lisää tagi
Ei tageja, Lisää ensimmäinen tagi!

MARC

LEADER 00000nam a2200000 a 4500
001 UCH0795
003 CL-VaPUC
008 090326e20020000SP |||||||||||||||||spa|d
020 |a 8477741417 
082 0 4 |a 150.1  |b BLA  |2 21 
100 0 |a Blanco Trejo, Florentino  |e author  |9 535135 
245 1 3 |a El cultivo de la mente: un ensayo histórico-crítico sobre la cultura psicológica 
300 |a 241 p 
942 |c BK 
945 |d 20090326 00:00:00  |a rbrito 
260 |a Madrid  |b Visor  |c 2002 
650 0 |a Psicología   |9 257863 
650 7 |a HISTORIA DE LA PSICOLOGIA  |2 CL-VaPUC  |9 535136 
583 |a last modification  |c 20140403 05:54:35  |k Rodrigo Vera 
490 0 |a Aprendizaje 
999 |c 333029  |d 333027 
952 |0 0  |1 0  |4 0  |6 150_100000000000000_BLA_2002  |7 0  |8 A  |9 421157  |a BIBEDU  |b BIBEDU  |d 2019-11-22  |i 4524381  |o 150.1 BLA 2002  |p 4524381  |r 2019-11-22  |w 2019-11-22  |y BK  |k EDI